| 000 | 01494cam a22003857a 4500 | ||
|---|---|---|---|
| 003 | CHAP | ||
| 005 | 20220817043807.0 | ||
| 008 | 010824d2001 mx r 00110 spa d | ||
| 010 | _a84610 | ||
| 011 | _a85582 | ||
| 035 | _a96116 | ||
| 040 | _cCHAP | ||
| 090 | _aTesis | ||
| 100 | 0 | 0 |
_aRamírez Ledesma, José Luis. _994088 |
| 245 | 1 | 0 |
_aEficiencia de plaguicidas en el control de la mosca del cuerno Haematobia irritans (L.) en un hato productor de carne en pastoreo dentro de la zona de Tuxpan, Veracruz e inocuidad alimentaria _c/por José Luis Ramírez Ledesma y Mario Enrique Rendón Hernández |
| 260 |
_aChapingo, Méx. : _bEl autor, _c2001. |
||
| 300 |
_a65 h. ; _banexos |
||
| 502 | _aTesis (Ing. Agr. Esp. en Zootecnia) -- UACH. Departamento de Zootecnia | ||
| 590 |
_aALEPH _b10 _c20130110 _lUCH01 _h1443 |
||
| 590 |
_aBATCH-UPD _b10 _c20130110 _lUCH01 _h0424 |
||
| 590 |
_aBATCH-UPD _b10 _c20130110 _lUCH01 _h2227 |
||
| 590 |
_aBATCH-UPD _b10 _c20130410 _lUCH01 _h0059 |
||
| 590 |
_aBATCH-UPD _b10 _c20130914 _lUCH01 _h1505 |
||
| 590 |
_aCONVERSION _b10 _c20130109 _lUCH01 _h1347 |
||
| 650 | 1 | 4 |
_aGanado _xPastoreo. _944941 |
| 650 | 1 | 4 |
_aGanado _xPlagas. |
| 650 | 1 | 4 |
_aGanado _xVeracruz. _944957 |
| 650 | 1 | 4 |
_aHaematobia irritans. _952201 |
| 700 | 0 | 0 |
_aRendón Hernández, Mario Enrique. _995927 |
| 901 | _aBK | ||
| 905 | _aAlejandra Carrasco M. | ||
| 942 | _cFOLL | ||
| 949 |
_bBC _cTES _d33724000853875 _eTS2 _fc.2 _h38509 _i96116 _si |
||
| 949 |
_bBC _cTES _d961161 _eTS1 _h38508 _i96116 _sb |
||
| 999 |
_c84610 _d84610 |
||